| 000 | 00835cam a2200217 4500 | ||
|---|---|---|---|
| 001 | WB3547-36 | ||
| 008 | 000000n1999 000 0 eng u | ||
| 035 | _a(Sirsi) u103015 | ||
| 245 | _aRICS calls for three year rates interval | ||
| 260 | _c1999 | ||
| 490 |
_aRICS Press Release _v258 1 December 1999 (3) |
||
| 520 | _aThe RICS has welcomed government plans to review the frequency of business rate revaluations, and is calling for the interval to be cut from five to three years to reflect the speed of change taking place within property markets. Includes summary tables of transitional arrangements. | ||
| 590 | _aWB | ||
| 650 | _aRATING REVALUATION | ||
| 650 | _aRATING | ||
| 650 | _aRICS | ||
| 650 | _aRATING REVALUATION 2000 | ||
| 650 | _aTRANSITIONAL ARRANGEMENTS | ||
| 690 | _aRATING AND VALUATION | ||
| 942 | _n0 | ||
| 999 |
_c61901 _d61901 |
||